Datum a čas kvízu
37
Celkem bodů
Celkový počet nahraných bodů na tomto kvízu bez doplňovacích otázek.
2.
Pořadí na kvízu
Konečné umístění týmu na tomto kvízu.
Zaznamenané odpovědi
| # | Otázka | Odpověď | Body | Výsledky |
|---|---|---|---|---|
| 1. | V pražském obchodním domě Máj... | (lidskou) kostru | 1 | |
| 2. | V pondělí jsme se dozvěděli o... | Starbucks | 0 | |
| 3. | Minulý týden byl představen tr... | Jiří Mádl; Tomáš Vorel (ml.) | 1 | |
| 4. | Americká společnost Alphabet,... | Wiz | 0 | |
| 5. | Uveďte název zimního střediska... | Svatý Mořic/St. Moritz; paralelní obří slalom | 0.5 | |
| 6. | Podíváme se na temné stránky d... | A) Diviš Bořek z Miletínka | 1 | |
| 7. | Doba pobělohorská znamenala zá... | Obnovené zřízení zemské | 1 | |
| 8. | První světová válka znamenala... | Osmanská říše | 1 | |
| 9. | V období tzv. Protektorátu se... | Josef Balabán, Josef Mašín, Václav Morávek | 1 | |
| 10. | Seřaďte tyto komunistické prez... | 1A 2D 3B 4C | 0 |